[Event "POL-chT U19 2nd League"]
[Site "Lublin"]
[Date "2007.07.10"]
[Round "5"]
[White "Jacel, Lukasz"]
[Black "Lorek, Milosz"]
[Result "0-1"]
[WhiteElo "1945"]
[BlackElo "1830"]
[PlyCount "64"]
[EventDate "2007.07.07"]
[EventType "team-swiss"]
[EventRounds "11"]
[EventCountry "POL"]
[SourceTitle "EXT 2010"]
[Source "ChessBase"]
[SourceDate "2010.11.25"]
[SourceVersion "1"]
[SourceVersionDate "2010.11.25"]
[SourceQuality "1"]
[WhiteTeam "Gliwice Carbo U19"]
[BlackTeam "Chrzanow UKS SP 8 U19"]
[WhiteTeamCountry "POL"]
[BlackTeamCountry "POL"]

1. e4 e6 2. Nc3 d5 3. d4 Bb4 4. Bd3 Nf6 5. e5 Nfd7 6. Qg4 g6 7. a3 Be7 8. f4 c5 9. dxc5 Nxc5 10. Qh3 Nxd3+ 11. cxd3 Nc6 12. Nge2 Qb6 13. Nd1 Bd7 14. Be3 d4 15. Bd2 Na5 16. Nc1 Nb3 17. Nxb3 Qxb3 18. 0-0 Rc8 19. Rc1 Rxc1 20. Bxc1 Bb5 21. Nf2 0-0 22. Qf3 Bc6 23. Ne4 Kg7 24. Qe2 Bd5 25. g4 Kh8 26. Kg2 Rc8 27. Kh3 Rc2 28. Qf3 Qb5 29. f5 exf5 30. gxf5 gxf5 31. Rg1 fxe4 32. Qh5 Be6+ 0-1

[Event "POL-chT U19 2nd League"]
[Site "Lublin"]
[Date "2007.07.07"]
[Round "1"]
[White "Jacel, Lukasz"]
[Black "Kasperek, Rafal"]
[Result "0-1"]
[WhiteElo "1945"]
[BlackElo "2023"]
[PlyCount "92"]
[EventDate "2007.07.07"]
[EventType "team-swiss"]
[EventRounds "11"]
[EventCountry "POL"]
[SourceTitle "EXT 2010"]
[Source "ChessBase"]
[SourceDate "2010.11.25"]
[SourceVersion "1"]
[SourceVersionDate "2010.11.25"]
[SourceQuality "1"]
[WhiteTeam "Gliwice Carbo U19"]
[BlackTeam "Czarna LKSz GCKiP U19"]
[WhiteTeamCountry "POL"]
[BlackTeamCountry "POL"]

1. e4 c5 2. Nc3 Nc6 3. f4 g6 4. Nf3 Bg7 5. Bc4 e6 6. 0-0 Nge7 7. e5 d5 8. exd6 Qxd6 9. Ne4 Qc7 10. d3 b6 11. a3 Bb7 12. Qe1 Nd4 13. Nxd4 Bxd4+ 14. Kh1 Nf5 15. Bb5+ Bc6 16. Bxc6+ Qxc6 17. c3 Bg7 18. Kg1 h5 19. b4 c4 20. dxc4 Qxc4 21. Bb2 0-0 22. Nd2 Qc7 23. Qc1 Rac8 24. c4 Nd4 25. Rf2 e5 26. Bxd4 exd4 27. Rf3 Rfe8 28. Qf1 f5 29. Re1 Re7 30. Rf2 Rce8 31. Rxe7 Rxe7 32. g3 Re3 33. Re2 Qe7 34. Kf2 g5 35. fxg5 Qxg5 36. Nf3 Qh6 37. Qe1 Rc3 38. Re8+ Kh7 39. h4 Rc2+ 40. Kf1 Qc1 41. Ng5+ Kg6 42. Re6+ Bf6 43. Re2 Rxc4 44. Kg2 Qxe1 45. Rxe1 Bxg5 46. hxg5 Kxg5 0-1

[Event "POL-chT3 Liga Slaska"]
[Site "Poland"]
[Date "2007.03.18"]
[Round "6"]
[White "Jacel, Lukasz"]
[Black "Ozog, Leon"]
[Result "1-0"]
[WhiteElo "1893"]
[BlackElo "2159"]
[PlyCount "80"]
[EventDate "2007.01.28"]
[EventType "team-swiss"]
[EventRounds "9"]
[EventCountry "POL"]
[SourceTitle "EXT 2011"]
[Source "ChessBase"]
[SourceDate "2010.11.26"]
[SourceVersion "1"]
[SourceVersionDate "2010.11.26"]
[SourceQuality "1"]
[WhiteTeam "Gliwice Carbo"]
[BlackTeam "Gliwice Roszada Fluor"]
[WhiteTeamCountry "POL"]
[BlackTeamCountry "POL"]

1. e4 d6 2. Nc3 Nf6 3. f4 e5 4. fxe5 dxe5 5. Nf3 Bg4 6. Bc4 Nc6 7. 0-0 Bxf3 8. Bxf7+ Kxf7 9. Qxf3 Bc5+ 10. Kh1 Rf8 11. d3 Kg8 12. Bg5 Nd4 13. Qg3 Qd6 14. Bxf6 Rxf6 15. Rxf6 Qxf6 16. Nd5 Qd6 17. c3 Ne6 18. b4 Bb6 19. Qh4 Nf8 20. Ne7+ Kh8 21. Nf5 Qxd3 22. Qe7 Qd7 23. Qxe5 Re8 24. Qf4 Ng6 25. Qf3 Ne5 26. Qg3 c6 27. Rf1 Bc7 28. Qg5 Bd8 29. Qf4 Bf6 30. Nd4 Qg4 31. Qe3 Ng6 32. Re1 Nf4 33. Qd2 Ng6 34. Qc2 h5 35. Nf3 Ne5 36. Nd4 h4 37. h3 Qg3 38. Qe2 g6 39. Rf1 Bg5 40. Nf5 Qe3 1-0

[Event "POL-chT3 Liga Slaska"]
[Site "Poland"]
[Date "2007.01.28"]
[Round "2"]
[White "Jacel, Lukasz"]
[Black "Pietrzak, Janusz"]
[Result "1/2-1/2"]
[WhiteElo "1893"]
[BlackElo "2090"]
[PlyCount "112"]
[EventDate "2007.01.28"]
[EventType "team-swiss"]
[EventRounds "9"]
[EventCountry "POL"]
[SourceTitle "EXT 2011"]
[Source "ChessBase"]
[SourceDate "2010.11.26"]
[SourceVersion "1"]
[SourceVersionDate "2010.11.26"]
[SourceQuality "1"]
[WhiteTeam "Gliwice Carbo"]
[BlackTeam "Dabrowa Gornicza Zaglebie"]
[WhiteTeamCountry "POL"]
[BlackTeamCountry "POL"]

1. e4 b6 2. Nc3 e6 3. d4 Bb7 4. Be3 Bb4 5. Bd3 f5 6. f3 fxe4 7. fxe4 Bxc3+ 8. bxc3 Nf6 9. Bg5 h6 10. Bxf6 Qxf6 11. Nf3 Nc6 12. e5 Qf4 13. Bg6+ Kd8 14. Qe2 Ne7 15. Bd3 Bxf3 16. Qxf3 Qxf3 17. gxf3 Ke8 18. Be4 c6 19. Ke2 g5 20. h4 Kf7 21. Rag1 Rag8 22. hxg5 hxg5 23. Rxh8 Rxh8 24. Rxg5 Rh1 25. f4 Ra1 26. f5 exf5 27. Bxf5 Nxf5 28. Rxf5+ Ke7 29. c4 Rxa2 30. Kd3 Ra1 31. Rf3 Rd1+ 32. Ke4 Re1+ 33. Kf5 Re2 34. Rc3 a5 35. d5 Rf2+ 36. Ke4 a4 37. Rh3 Re2+ 38. Kf4 Rxc2 39. d6+ Ke8 40. Rh8+ Kf7 41. Rd8 Ke6 42. Re8+ Kf7 43. Re7+ Kg6 44. Rxd7 Rxc4+ 45. Ke3 Kf5 46. Re7 c5 47. Kd3 Rd4+ 48. Kc2 b5 49. d7 b4 50. e6 a3 51. Re8 a2 52. Kb2 Rd2+ 53. Ka1 b3 54. d8Q Rxd8 55. Rxd8 Kxe6 56. Kb2 Ke5 1/2-1/2